[Event "FSV-ch 2010"]
[Site "Dortmund"]
[Date "2010.05.20"]
[Round "5.2"]
[White "Zelt, Jens"]
[Black "Lindam, Ingo"]
[Result "0-1"]
[WhiteElo "2012"]
[BlackElo "2039"]
[PlyCount "66"]
[EventDate "2010.??.??"]

1. e4 d5 2. d4 dxe4 3. Nc3 Nf6 4. Bg5 Nbd7 5. Qe2 h6 6. Bh4 g5 7. Bg3 Bg7 8.
O-O-O c6 {(=)} 9. f4 Qa5 10. Kb1 Nb6 11. fxg5 hxg5 12. Nxe4 Nxe4 13. Qxe4 Bf5
14. Qf3 g4 15. Qf2 Rd8 16. Ne2 Nc4 17. Nc1 Be6 18. Nb3 Qb6 19. Bxc4 Bxc4 20.
Qf4 Be6 21. Nc5 Bc8 22. Rhe1 Rh5 23. Bf2 $4 Rxc5 $1 $19 24. Qe4 Be6 25. Qh7 Kf8
26. Bh4 Rb5 27. b3 Qc7 28. Rf1 Rxd4 29. Rde1 Re5 30. Rd1 Qd7 31. Rxd4 Qxd4 32.
Bxe7+ ({Es drohte} 32. -- Qa1+ 33. Kxa1 Re1#) 32... Kxe7 33. Qxg7 Re1+ 0-1

[Event "FSV-ch 2010"]
[Site "Dortmund"]
[Date "2010.05.20"]
[Round "5.3"]
[White "Borjini, Faouzi"]
[Black "Raskin, Vitali"]
[Result "0-1"]
[WhiteElo "1915"]
[BlackElo "1767"]
[PlyCount "102"]
[EventDate "2010.??.??"]

1. d4 d5 2. g3 g6 3. Bg2 Bg7 4. Nf3 Nf6 5. c4 dxc4 6. Nc3 c6 7. Ne5 Nbd7 8.
Nxc4 Nb6 9. Ne5 Nfd5 10. Nxd5 cxd5 11. O-O O-O 12. Bf4 Bf5 13. Rc1 f6 14. Nd3
g5 15. Bc7 Qd7 16. Bxb6 axb6 17. Qb3 e6 18. Qxb6 Bxd3 19. exd3 Ra6 20. Qb3 f5
21. Rc2 Bxd4 22. Rfc1 Rc6 23. Qa4 Bxb2 24. Rb1 Be5 25. Rxb7 Qxb7 26. Qxc6 Qxc6
27. Rxc6 Kf7 28. Ra6 Rc8 29. Ra7+ Kg6 30. Ra6 Rc1+ 31. Bf1 Kf6 32. Kg2 Rc2 33.
Ra4 g4 34. d4 Bc7 35. Ra6 Rb2 36. Ra7 Bb6 37. Rb7 Bxd4 38. Rxb2 Bxb2 39. a4 Bc3
40. f3 Ke5 41. Bb5 Kd6 42. fxg4 fxg4 43. h3 gxh3+ 44. Kxh3 e5 45. g4 e4 46. Kg3
Ke5 47. Kf2 d4 48. Bd7 d3 49. Ke3 Bd4+ 50. Kd2 Bb6 51. Bb5 Kd4 0-1

[Event "FSV-ch 2010"]
[Site "Dortmund"]
[Date "2010.05.20"]
[Round "5.4"]
[White "Begna, Bozidar"]
[Black "Raszelenberg, Patrick"]
[Result "1-0"]
[WhiteElo "1945"]
[BlackElo "1733"]
[PlyCount "130"]
[EventDate "2010.??.??"]

1. e4 c5 2. Nf3 d6 3. Bb5+ Nd7 4. d4 cxd4 5. Qxd4 e6 6. O-O Qc7 7. Nc3 a6 8.
Be2 Ngf6 9. Bg5 Be7 10. Rad1 O-O 11. Bh4 b5 12. Bg3 e5 13. Qd2 Nb6 14. Rfe1 Bb7
15. Bd3 Rad8 16. Nh4 g6 17. Nf3 Nh5 18. Qh6 f6 19. Nh4 Ng7 20. Nf3 Nh5 21. Nd2
Nxg3 22. hxg3 b4 23. Ne2 d5 24. g4 Nc4 25. Bxc4 dxc4 26. c3 a5 27. Rc1 Qd7 28.
Nxc4 Qxg4 29. f3 Qe6 30. b3 bxc3 31. Nxc3 Bb4 32. Qe3 Rc8 33. Kh2 Bc5 34. Qe2
f5 35. Nxa5 Ba6 36. Nc4 f4 37. Nd5 Bd4 38. Rh1 g5 39. g4 fxg3+ 40. Kxg3 Bb7 41.
Nce3 Rxc1 42. Rxc1 Qh6 43. Ne7+ Kh8 44. N7f5 Qg6 45. Ne7 Qh5 46. N3f5 g4 47.
fxg4 Qg5 48. Rf1 Rf6 49. Qb5 h5 50. Qe8+ Kh7 51. Qxh5+ Qxh5 52. gxh5 Bxe4 53.
Kg4 Bd3 54. Rc1 Be2+ 55. Kg5 Rf7 56. Rc6 Be3+ 57. Nxe3 Rxe7 58. Rh6+ Kg8 59.
Rg6+ Kf8 60. h6 Bd3 61. Nf5 Ra7 62. a4 Rb7 63. Rg7 Bxf5 64. Rxb7 Bc2 65. h7
Bxh7 1-0

[Event "FSV-ch 2010"]
[Site "Dortmund"]
[Date "2010.05.20"]
[Round "5.5"]
[White "Lauche, Christoph"]
[Black "Campana, Rafael"]
[Result "1-0"]
[WhiteElo "1925"]
[BlackElo "1690"]
[PlyCount "105"]
[EventDate "2010.??.??"]

1. e4 c5 2. b4 e5 3. Bc4 h6 4. Nf3 Qc7 5. O-O Nf6 6. Qe2 Be7 7. Bb2 d6 8. bxc5
Qxc5 9. d4 exd4 10. Bxd4 Qh5 11. e5 dxe5 12. Bxe5 Nc6 13. Bxf6 gxf6 14. Nd4
Qxe2 15. Nxe2 Kf8 16. Nbc3 Bf5 17. Rab1 b6 18. Bd5 Rc8 19. Bxc6 Rxc6 20. Nd4
Rc5 21. Nxf5 Rxf5 22. Nb5 a5 23. Na7 Bc5 24. Rbd1 Kg7 25. Nc6 Re8 26. Nd4 Rf4
27. c3 Ree4 28. g3 Rg4 29. f3 Rxd4 30. cxd4 Rxd4 31. Rxd4 Bxd4+ 32. Kg2 f5 33.
Rd1 Bc5 34. Kf1 Kf6 35. Ke2 h5 36. Kd3 Kg5 37. Kc4 h4 38. gxh4+ Kxh4 39. Rd7 f4
40. Rxf7 Be3 41. Rh7+ Kg5 42. Kb5 Bf2 43. a4 Kg6 44. Rb7 Kg5 45. Rg7+ Kh5 46.
Rg4 Be3 47. Kc4 Bd2 48. Kd3 Be3 49. Ke4 b5 50. axb5 a4 51. b6 a3 52. b7 Ba7 53.
Rg2 1-0

[Event "FSV-ch 2010"]
[Site "Dortmund"]
[Date "2010.05.20"]
[Round "5.6"]
[White "Sonntag, Joachim"]
[Black "Jost, Udo"]
[Result "0-1"]
[WhiteElo "1783"]
[BlackElo "1759"]
[PlyCount "68"]
[EventDate "2010.??.??"]

1. e4 c5 2. Nf3 e6 3. d3 Nc6 4. g3 Be7 5. Bg2 a6 6. a4 Qc7 7. Bf4 d6 8. Nbd2 h6
9. Nc4 g5 10. Bd2 d5 11. Bc3 g4 12. Bxh8 gxf3 13. Qxf3 dxc4 14. dxc4 Bd7 15.
O-O e5 16. Qh5 Qd6 17. f4 Qd4+ 18. Kh1 Qxc4 19. fxe5 Be6 20. c3 O-O-O 21. Rfd1
Re8 22. Qf3 Bd8 23. Ra3 Bd7 24. Rxd7 Kxd7 25. Bh3+ Kc7 26. b3 Nd4 27. Qf2 Qxc3
28. e6 f6 29. Ra2 Be7 30. e5 f5 31. Bg2 Bg5 32. Bd5 Ne7 33. Bxb7 Kxb7 34. Bf6
Nd5 0-1

[Event "FSV-ch 2010"]
[Site "Dortmund"]
[Date "2010.05.20"]
[Round "5.7"]
[White "Krüger, Georg"]
[Black "Kropp, Andreas J"]
[Result "0-1"]
[WhiteElo "1578"]
[BlackElo "1975"]
[PlyCount "60"]
[EventDate "2010.??.??"]

1. e4 c5 2. Nf3 e6 3. c4 Nc6 4. a3 Nf6 5. Nc3 d5 6. exd5 exd5 7. d4 Bg4 8. Be2
dxc4 9. dxc5 Qxd1+ 10. Nxd1 Bxf3 11. gxf3 Bxc5 12. Bxc4 Nd4 13. O-O Nxf3+ 14.
Kg2 Nh4+ 15. Kg1 O-O 16. Be3 Rac8 17. Rc1 Bxe3 18. Nxe3 Nf3+ 19. Kg2 Nd2 20.
Rfd1 Nxc4 21. Nxc4 Rfd8 22. Na5 b6 23. Rxd8+ Rxd8 24. Nc6 Rd2 25. Nxa7 h5 26.
b4 Ng4 27. Kg3 Rd3+ 28. f3 Ne5 29. Nc8 Rxf3+ 30. Kh4 f6 0-1

[Event "FSV-ch 2010"]
[Site "Dortmund"]
[Date "2010.05.20"]
[Round "5.8"]
[White "Hillebrand, Carsten"]
[Black "Benke, Werner"]
[Result "1-0"]
[WhiteElo "1857"]
[BlackElo "1525"]
[PlyCount "121"]
[EventDate "2010.??.??"]

1. c4 Nf6 2. g3 g6 3. Bg2 Bg7 4. Nc3 e6 5. Nf3 O-O 6. O-O d5 7. d4 b6 8. Bg5 h6
9. Bf4 Bb7 10. cxd5 Nxd5 11. Nxd5 exd5 12. Qc1 c6 13. Bxh6 Nd7 14. Bxg7 Kxg7
15. Qc3 Re8 16. Rfe1 Rc8 17. Rad1 Kg8 18. Qd2 Qf6 19. Rc1 Re7 20. Rc3 Rce8 21.
e3 Kg7 22. b4 Qd6 23. Rb1 Rc8 24. Qb2 Kg8 25. Ra3 Ra8 26. Rc1 Ree8 27. Rac3
Rac8 28. Bh3 Rc7 29. Rb3 Kf8 30. Bf1 Rcc8 31. Ra3 Ra8 32. Be2 Kg8 33. Ne1 Nf6
34. Nd3 Nd7 35. Bf1 Kf8 36. Rc2 Kg8 37. Rcc3 Kf8 38. Rc2 Kg8 39. Be2 Kf8 40.
Rcc3 Kg8 41. Bf1 Kf8 42. Qb1 Kg8 43. Nf4 Kg7 44. Rab3 Kg8 45. Rb2 Kg7 46. a4
Rac8 47. Rbc2 Kf8 48. Nd3 Kg7 49. Qc1 Kg8 50. Bg2 Kg7 51. b5 c5 52. dxc5 bxc5
53. Nxc5 Nxc5 54. Rxc5 Rxc5 55. Rxc5 Re7 56. h4 Kh7 57. Qc3 Kg8 58. a5 Kh7 59.
a6 Ba8 60. Rc8 d4 61. Qxd4 1-0

[Event "FSV-ch 2010"]
[Site "Dortmund"]
[Date "2010.05.20"]
[Round "5.9"]
[White "Dieckmann, Rudolf"]
[Black "Behler, Nils"]
[Result "1/2-1/2"]
[WhiteElo "1560"]
[BlackElo "1768"]
[PlyCount "50"]
[EventDate "2010.??.??"]

1. d4 Nf6 2. c4 g6 3. Nc3 Bg7 4. g3 O-O 5. Bg2 d6 6. Nf3 c6 7. O-O Qc7 8. e4 e5
9. d5 c5 10. Qd3 a6 11. a4 Nh5 12. Nh4 f5 13. exf5 gxf5 14. Qf3 Qf7 15. Ne2 f4
16. gxf4 Bf6 17. Bh3 Bxh3 18. Qxh3 exf4 19. Nf5 Qe8 20. Nxf4 Nxf4 21. Bxf4 Be5
22. Qg4+ Kh8 23. Bxe5+ Qxe5 24. Ng3 Rg8 25. Qh4 Nd7 1/2-1/2

[Event "FSV-ch 2010"]
[Site "Dortmund"]
[Date "2010.05.20"]
[Round "5.11"]
[White "Grube, Jörg"]
[Black "Milonas, Georgios"]
[Result "0-1"]
[WhiteElo "1804"]
[BlackElo "1505"]
[PlyCount "142"]
[EventDate "2010.??.??"]

1. e4 c5 2. Nf3 e6 3. d4 cxd4 4. Nxd4 Nf6 5. Nc3 Nc6 6. Nxc6 bxc6 7. e5 Nd5 8.
Ne4 Qc7 9. f4 Qb6 10. c4 Bb4+ 11. Ke2 Ba6 12. Kf3 f5 13. exf6 Nxf6 14. c5 Qa5
15. Nd6+ Ke7 16. Bxa6 Qxa6 17. Qd4 Bxc5 18. Nf5+ (18. Qxc5 Qd3+) 18... Kf7 19.
Nh6+ $4 gxh6 20. Qxc5 Qd3+ $19 21. Be3 Qe4+ 22. Ke2 Qxg2+ 23. Bf2 Qe4+ 24. Qe3
Qxe3+ 25. Kxe3 Ng4+ 26. Kf3 Nxf2 27. Kxf2 Rab8 28. b3 Kf6 29. Rac1 Rhg8 30.
Rhd1 Ke7 31. Rd3 Rg7 32. Rc4 Rb7 33. Rh3 Rg6 34. Rh5 Kd6 35. Ra5 Kc7 36. Ra6
Rf6 37. Ke3 Rg6 38. Kf2 Rf6 39. Ke3 Rf5 40. Re4 Rh5 41. Rea4 Kb8 42. R4a5 Rxh2
43. f5 exf5 44. Rxf5 Rb6 45. Raa5 Rh3+ 46. Kd4 Rb4+ 47. Kc5 Rb7 48. Kd6 Rd3+
49. Ke7 Kc7 50. Ra6 Re3+ 51. Kf7 Kb8 52. Rfa5 d6+ 53. Kf6 Kc7 54. Ra4 d5 55.
Rh4 Kd6 56. Rxh6 Re6+ 57. Kg5 Rxh6 58. Kxh6 d4 59. Kg5 h5 60. Kf4 Kd5 61. Kf3
Rh7 62. Ra5+ c5 63. Ra6 h4 64. Rg6 h3 65. Rg5+ Kc6 66. Rg1 h2 67. Rh1 Kd5 68.
a3 Rh3+ 69. Kf2 Rxb3 70. Re1 Rb2+ 71. Kg3 c4 0-1

[Event "FSV-ch 2010"]
[Site "Dortmund"]
[Date "2010.05.20"]
[Round "5.12"]
[White "Herrmann, Rudolf"]
[Black "Bommert, Christian"]
[Result "0-1"]
[WhiteElo "1228"]
[BlackElo "1745"]
[PlyCount "68"]
[EventDate "2010.??.??"]

1. d4 f5 2. h3 Nf6 3. c4 g6 4. Nc3 Bg7 5. Bf4 d6 6. Qd2 O-O 7. Nf3 Qe8 8. d5
Na6 9. Ng5 Nc5 10. Ne6 Nxe6 11. dxe6 Bxe6 12. Nd5 Ne4 13. Qb4 Bxd5 14. cxd5 c5
15. Qa3 Qb5 16. e3 Qxb2 17. Qxb2 Bxb2 18. Rb1 Bc3+ 19. Ke2 Bb4 20. Rb2 Nc3+ 21.
Kf3 Nxd5 22. Bc4 e6 23. Bxd6 Rfd8 24. Be5 b6 25. a4 Kf7 26. g4 Bc3 27. Bxd5
Bxe5 28. Bxa8 Bxb2 29. Bc6 c4 30. gxf5 gxf5 31. e4 c3 32. exf5 exf5 33. a5 c2
34. axb6 axb6 0-1

[Event "FSV-ch 2010"]
[Site "Dortmund"]
[Date "2010.05.20"]
[Round "5.14"]
[White "Kirmes, Hans-Uwe"]
[Black "Volmer, Martin"]
[Result "0-1"]
[WhiteElo "1338"]
[BlackElo "1680"]
[PlyCount "102"]
[EventDate "2010.??.??"]

1. f4 c5 2. Nf3 Nc6 3. e3 d5 4. Bb5 Bd7 5. Bxc6 Bxc6 6. O-O Nf6 7. b3 e6 8. Bb2
Bd6 9. Ne5 Bb5 10. d3 O-O 11. Ng4 Be7 12. Ne5 d4 13. exd4 cxd4 14. Nd2 Rc8 15.
Ndf3 Bc5 16. Qe1 Qd6 17. a3 Rfd8 18. Ng5 Be8 19. Kh1 Bb6 20. Nc4 Qc6 21. Nxb6
Qxb6 22. Rf2 Ng4 23. Re2 Ne3 24. Bxd4 Qxd4 25. Rxe3 Qxf4 26. Nh3 Qd6 27. c4 b5
28. Ng5 Qd4 29. Nf3 Qb6 30. Nd2 bxc4 31. bxc4 Ba4 32. Rb1 Qc5 33. Rb4 Bc2 34.
Nb3 Bxb3 35. Rxb3 Rb8 36. Re5 Qxe5 37. Qxe5 Rxb3 38. h3 Rxa3 39. d4 Rd3 40. c5
R3xd4 41. c6 Rd1+ 42. Kh2 Rc8 43. Qc5 g6 44. Qxa7 Rc1 45. Qd4 R1xc6 46. Qf6 h5
47. h4 Rc2 48. Kh3 Ra8 49. Qf4 Ra3+ 50. g3 Raa2 51. Qb8+ Kh7 0-1

[Event "FSV-ch 2010"]
[Site "Dortmund"]
[Date "2010.05.20"]
[Round "5.15"]
[White "Weischer, Wolfgang"]
[Black "Tekin, Baran"]
[Result "1/2-1/2"]
[WhiteElo "1616"]
[BlackElo "1269"]
[PlyCount "38"]
[EventDate "2010.??.??"]

1. f4 Nf6 2. Nf3 g6 3. g3 Bg7 4. Bg2 d6 5. d3 Nc6 6. c3 O-O 7. Na3 Re8 8. e4
Bg4 {(=)} 9. h3 Bd7 10. Nc2 e5 11. Be3 Nh5 12. Bf2 exf4 13. g4 Ng3 14. Bxg3
fxg3 15. Qd2 d5 16. O-O-O dxe4 17. dxe4 Be6 18. Qf4 Qe7 19. Kb1 Bc4 1/2-1/2

[Event "FSV-ch 2010"]
[Site "Dortmund"]
[Date "2010.05.20"]
[Round "5.16"]
[White "Dite, Alexander"]
[Black "Rüttiger, Volker"]
[Result "1-0"]
[WhiteElo "1617"]
[BlackElo "1249"]
[PlyCount "97"]
[EventDate "2010.??.??"]

1. d4 e6 2. c4 c5 3. d5 Qb6 4. Nf3 Qb4+ 5. Nc3 exd5 6. cxd5 c4 7. g3 Nf6 8. Bg2
Be7 9. O-O d6 10. e4 Ng4 11. Qc2 Nd7 12. Nd4 Qc5 13. Nf5 Bf6 14. h3 Nge5 15.
Be3 Qc7 16. Nb5 Qb8 17. Nbxd6+ Kf8 18. f4 Ng6 19. Qxc4 b6 20. Qxc8+ Qxc8 21.
Nxc8 Rxc8 22. e5 Bd8 23. Rac1 Rb8 24. b4 Ne7 25. Nxe7 Kxe7 26. Rc6 Re8 27. Rfc1
Ra8 28. Rc8 Rxc8 29. Rxc8 Kf8 30. Ra8 a5 31. bxa5 bxa5 32. Kh2 Bb6 33. Rxe8+
Kxe8 34. Bxb6 Nxb6 35. Kg1 Na4 36. d6 Kd7 37. Bd5 f6 38. Kf2 Nc3 39. Bf7 fxe5
40. fxe5 Ne4+ 41. Kg2 h6 42. h4 g5 43. hxg5 Nxg5 44. Bd5 h5 45. Kf2 Nh3+ 46.
Ke3 Ng5 47. Kd4 Nh7 48. Kc5 Nf8 49. e6+ 1-0

[Event "FSV-ch 2010"]
[Site "Dortmund"]
[Date "2010.05.20"]
[Round "5.17"]
[White "Wickenfeld, Udo"]
[Black "Gerke, Dieter"]
[Result "0-1"]
[WhiteElo "1231"]
[BlackElo "1510"]
[PlyCount "78"]
[EventDate "2010.??.??"]

1. d4 Nf6 2. Nf3 d5 3. c4 e6 4. Nc3 Bb4 5. Bg5 c6 6. e3 h6 7. Bh4 Nbd7 8. cxd5
exd5 9. Bd3 O-O 10. O-O Qc7 11. Ne5 Nxe5 12. dxe5 Qxe5 13. Rc1 Re8 14. Be2 Bxc3
15. bxc3 Ne4 16. Qd3 Bf5 17. Qd4 g5 18. Qxe5 Rxe5 19. f4 gxf4 20. Rxf4 Bg6 21.
Be1 Rae8 22. Bf3 Nc5 23. Rh4 Nd3 24. Bg3 Nxc1 25. Bxe5 Rxe5 26. Kf2 Kg7 27. Rd4
a6 28. Rd2 Nd3+ 29. Ke2 Nc5 30. Rd4 Be4 31. Rb4 b5 32. Bxe4 Rxe4 33. Rb1 a5 34.
g3 Rc4 35. Kd2 Ne4+ 36. Kd3 Rxc3+ 37. Kd4 Rc2 (37... Kf6 $1 38. -- $140 Ke6)
38. a3 Kf6 39. Rf1+ Ke6 0-1

[Event "FSV-ch 2010"]
[Site "Dortmund"]
[Date "2010.05.20"]
[Round "5.18"]
[White "Gennat, Egon L"]
[Black "Hast, Stefan"]
[Result "1-0"]
[WhiteElo "1338"]
[BlackElo "1246"]
[PlyCount "61"]
[EventDate "2010.??.??"]

1. d4 Nf6 2. Nf3 e6 3. c4 Bb4+ 4. Nc3 Ne4 5. Qc2 Nxc3 6. bxc3 Be7 7. e4 h6 8.
Bd3 O-O 9. O-O b6 10. Qe2 Bb7 11. Ne5 Bg5 12. f4 Bf6 13. Qg4 d6 14. Nf3 Nd7 15.
f5 exf5 16. exf5 Bxf3 17. Rxf3 Bg5 18. Bxg5 Qxg5 19. Qh3 Qf6 20. Re1 Rfe8 21.
Rfe3 Kf8 22. Qf3 c5 23. Qd5 Rac8 24. Bc2 Qg5 25. Qxd6+ Kg8 26. Rxe8+ Rxe8 27.
Rxe8+ Kh7 28. Re2 Nf6 29. Qg3 Ng4 30. h3 Nf6 31. Qxg5 1-0

[Event "FSV-ch 2010"]
[Site "Dortmund"]
[Date "2010.05.20"]
[Round "5.19"]
[White "Skalweit, Wolfgang"]
[Black "Pfeffer, Josef"]
[Result "1-0"]
[WhiteElo "1377"]
[BlackElo "1201"]
[PlyCount "87"]
[EventDate "2010.??.??"]

1. f4 e6 2. Nf3 Be7 3. e3 Nf6 4. b3 O-O 5. Bb2 Ne8 6. c4 f5 7. Nc3 Bf6 8. Rb1
d5 9. Nb5 Bxb2 10. Rxb2 a6 11. Nbd4 c5 12. Ne2 Nc6 13. Ng3 d4 14. Qc2 Nf6 15.
h3 dxe3 16. dxe3 Qa5+ 17. Kf2 Rd8 18. Be2 Qc7 19. Rd1 b6 20. Rxd8+ Qxd8 21. Qc3
Bb7 22. Ng5 Qe7 23. Rd2 h6 24. Nf3 Qc7 25. Ne5 Nxe5 26. fxe5 Nd7 27. Rd6 Nf8
28. Qd3 g6 29. Bf3 Bxf3 30. gxf3 a5 31. f4 h5 32. e4 h4 33. Nf1 Qb8 34. Nh2 Qb7
35. exf5 gxf5 36. Nf3 Qe7 37. Ng5 Ra7 38. Qf3 Rc7 39. Qa8 Kg7 40. Qf3 Kh6 41.
Rxb6 Rd7 42. Rd6 Rxd6 43. exd6 Qxd6 44. Nf7+ 1-0

[Event "FSV-ch 2010"]
[Site "Dortmund"]
[Date "2010.06.01"]
[Round "5.20"]
[White "Raabe, Hans-Ulrich"]
[Black "Reinacher, Detlev"]
[Result "0-1"]
[WhiteElo "1424"]
[BlackElo "1572"]
[PlyCount "148"]
[EventDate "2010.??.??"]

1. e4 d6 2. d4 g6 3. Nf3 Bg7 4. Be3 Nf6 5. Qd2 c6 6. Nc3 Nbd7 7. Bh6 O-O 8. Be2
b5 9. Bxg7 Kxg7 10. a3 Bb7 11. O-O a6 12. e5 dxe5 13. dxe5 Nd5 14. Rad1 Qc7 15.
Nxd5 cxd5 16. Qd4 e6 17. c3 Nc5 18. Nd2 Na4 19. Rb1 Rac8 20. Rfe1 Nb6 21. f4
Nc4 22. Nxc4 dxc4 23. Rbd1 Bd5 24. Rd2 Qb7 25. Bg4 Rcd8 26. Qe3 Rd7 27. Red1
Rfd8 28. Qf2 Qa7 29. Qxa7 Rxa7 30. Kf2 Rb8 31. Rd4 a5 32. R1d2 b4 33. axb4 axb4
34. cxb4 Rxb4 35. Be2 Ra2 36. Kg3 Rb3+ 37. Bf3 Raxb2 38. Rxb2 Rxb2 39. Bxd5
exd5 40. Rxd5 c3 41. Rc5 c2 42. Kg4 h5+ 43. Kg5 c1=Q 44. Rxc1 Rxg2+ 45. Kh4
Rg4+ 46. Kh3 Rxf4 47. Re1 Kf8 48. Kg3 g5 49. h3 Ke7 50. Re3 Ke6 51. Re2 Rf5 52.
Ra2 Kxe5 53. Ra5+ Kf6 54. Ra6+ Kg7 55. Ra7 Kg6 56. Ra6+ f6 57. Rb6 h4+ 58. Kg2
Rd5 59. Rb2 f5 60. Rb6+ Kf7 61. Rb7+ Ke6 62. Rb6+ Ke5 63. Rb2 Rd3 64. Re2+ Kd4
65. Re8 Rg3+ 66. Kh2 f4 67. Re7 f3 68. Re8 f2 69. Rd8+ Ke3 70. Re8+ Kf3 71.
Rf8+ Ke2 72. Re8+ Re3 73. Rd8 f1=Q 74. Rd2+ Kf3 0-1

[Event "FSV-ch 2010"]
[Site "Dortmund"]
[Date "2010.05.20"]
[Round "5.21"]
[White "Tautz, Eugen"]
[Black "Griese, Andreas"]
[Result "1/2-1/2"]
[WhiteElo "1397"]
[BlackElo "1218"]
[PlyCount "77"]
[EventDate "2010.??.??"]

1. c4 c5 2. Nc3 e6 3. Nf3 Nc6 4. e3 Nf6 5. d4 cxd4 6. exd4 d5 7. c5 Be7 8. Bb5
O-O 9. O-O a6 10. Be2 Bd7 11. a3 Qc7 12. b4 b5 13. Bg5 h6 14. Bh4 Ne4 15. Nxe4
dxe4 16. Bxe7 Nxe7 17. Nd2 Bc6 18. Qc2 Qb7 19. Nb3 Rad8 20. Na5 Qa8 21. Rad1
Nf5 22. Nb3 e3 23. f3 Rd5 24. Rd3 Rfd8 25. Rfd1 Qb8 26. Na5 Qc7 27. Nb3 Ne7 28.
Rf1 Qf4 29. g3 Rg5 30. Kh1 Rxg3 31. hxg3 Qxg3 32. Bd1 Rd5 33. Qh2 Qxh2+ 34.
Kxh2 Rh5+ 35. Kg2 Rg5+ 36. Kh3 Nf5 37. Na5 Rh5+ 38. Kg2 Rg5+ 39. Kh2 1/2-1/2

[Event "FSV-ch 2010"]
[Site "Dortmund"]
[Date "2010.05.20"]
[Round "5.22"]
[White "Beckers, Jürgen"]
[Black "Krüger, Inge"]
[Result "1-0"]
[WhiteElo "1329"]
[BlackElo "1307"]
[PlyCount "61"]
[EventDate "2010.??.??"]

1. e4 e6 2. c4 d5 3. exd5 exd5 4. d3 Nf6 5. Be2 Be7 6. Nf3 O-O 7. O-O Nbd7 8.
b3 c5 9. h3 d4 10. Bf4 b6 11. Ne5 Nxe5 12. Bxe5 Nd7 13. Bg3 Bf6 14. Bf3 Ba6 15.
Bxa8 Qxa8 16. Re1 Qc6 17. Nd2 Bb7 18. f3 Rd8 19. Ne4 Be7 20. Re2 Kf8 21. Qd2 h6
22. Rae1 f5 23. Nf2 Bg5 24. Bf4 Bf6 25. Re6 Qc8 26. Qe2 Kf7 27. Re7+ Bxe7 28.
Qxe7+ Kg6 29. Re6+ Kh7 30. Rxh6+ Kg8 31. Qe6+ 1-0

[Event "FSV-ch 2010"]
[Site "Dortmund"]
[Date "2010.05.20"]
[Round "5.24"]
[White "Riepe, Markus"]
[Black "Maffei, Hendrik"]
[Result "0-1"]
[WhiteElo "852"]
[BlackElo "1311"]
[PlyCount "92"]
[EventDate "2010.??.??"]

1. e4 g6 2. d4 Bg7 3. Nf3 d6 4. Nc3 Bg4 5. Be2 Nf6 6. h3 Bxf3 7. Bxf3 c6 8. Be3
O-O 9. Qe2 a6 10. O-O-O a5 11. e5 Ne8 12. g4 Na6 13. a3 Nec7 14. h4 dxe5 15.
dxe5 Nd5 16. Nxd5 cxd5 17. Bxd5 Qc8 18. Bd4 e6 19. Be4 Nc5 20. Bxc5 Qxc5 21. f4
f5 22. Bf3 Rf7 23. Qd3 Rc8 24. Rd2 Qc4 25. Qxc4 Rxc4 26. Rd8+ Bf8 27. Rh2 Rxf4
28. Be2 fxg4 29. Rh1 g3 30. h5 g2 31. Rg1 Rf1+ 32. Rd1 Bh6+ 33. Kb1 Rxd1+ 34.
Bxd1 Rf1 35. Rxg2 Re1 36. Ka2 Kg7 37. Kb3 Rh1 38. hxg6 hxg6 39. Ka4 Re1 40. Rg4
Rxe5 41. Rc4 b5+ 42. Kb3 bxc4+ 43. Kc3 g5 44. b4 axb4+ 45. axb4 g4 46. b5 Rxb5
0-1

[Event "FSV-ch 2010"]
[Site "Dortmund"]
[Date "2010.05.20"]
[Round "5.27"]
[White "Da Costa, Pablo"]
[Black "Wangrin, Stefan A"]
[Result "0-1"]
[WhiteElo "1109"]
[BlackElo "1063"]
[PlyCount "100"]
[EventDate "2010.??.??"]

1. e4 e5 2. Nf3 Nc6 3. Bc4 Nd4 {Dies ist eine
Nepper-Schlepper-Bauernfang-Variante. Schwarz spekuliert darauf, dass der
Gegner die Komplikationen nach} 4. Nxe5 Qg5 {weder kennt noch ahnt.
Tatsaechlich muss Weiss im Falle der Annahme des Bauern bereit sein, selbst
eine ganze Figur ins Geschaeft zu stecken ...} 5. Ng4 $2 {Dieser Versuch, die
Figur zu retten, ist aus der Sicht eines Amateurs verstaendlich, ruiniert aber
bereits die weisse Stellung.} ({Richtig war} 5. Bxf7+ Ke7 6. O-O $1 {um fuer de
n Preis des Springers e5 eine gewaltige Bauernuebermacht im Zentrum und
Angriff gegen den in der Mitte festgehaltenen schwarzen Koenig zu erlangen.
Hier eine vollstaendige Beispielpartie:} 6... Qxe5 7. Bxg8 Rxg8 8. c3 Nc6 9. d4
Qf6 10. Qh5 Qg6 11. Qe2 d6 12. f4 Kd8 13. d5 Nb8 14. f5 Qf6 15. Qh5 h6 16. Rf3
Bd7 17. Be3 Be8 18. Qh3 Be7 19. Bd4 Qh4 20. f6 $1 {
Hoppla, Weiss gewinnt das geopferte Material zurueck!} 20... Qe1+ (20... Qxh3
21. fxe7+) 21. Rf1 Qxe4 22. fxe7+ Qxe7 23. Nd2 Nd7 24. Rae1 Qg5 25. Qe6 Rh8 26.
Nf3 Qg6 27. Qe7+ Kc8 28. Nh4 Qg5 29. Qxe8+ Rxe8 30. Rxe8+ Qd8 31. Rxd8+ Kxd8
32. Bxg7 {Den folgenden Rest haette sich Schwarz getrost schenken koennen.}
32... c6 33. dxc6 bxc6 34. Bxh6 Kc7 35. Bf4 Ne5 36. Bxe5 dxe5 37. Re1 Kd6 38.
Nf3 Re8 39. Rd1+ {
1-0 Nygaard Nyberg,D-Bjorgvik,J/Gausdal NOR 2006/The Week in Chess 621 (39).})
5... d5 $1 6. O-O Bxg4 7. f3 Nxf3+ 8. Rxf3 Bxf3 9. Qxf3 Bc5+ 10. Kh1 dxc4 11.
Nc3 Qh4 12. g3 Qf6 13. Qe2 Qf2 14. Qxf2 Bxf2 15. Nd5 O-O-O 16. b3 Bd4 17. c3
Bf6 18. Bb2 b5 19. Ba3 c6 20. Nb4 Kb7 21. Rd1 Bxc3 22. Rf1 Bxb4 23. Rxf7+ Be7
24. Bxe7 Rd7 25. bxc4 Rxe7 26. Rxe7+ Nxe7 27. cxb5 cxb5 28. d4 Kc6 29. Kg2 Rf8
30. h4 h5 31. g4 g6 32. Kg3 a5 33. d5+ Kd6 34. Kh3 a4 35. gxh5 gxh5 36. Kg3 b4
37. e5+ Kxe5 38. d6 Nc6 39. d7 b3 40. axb3 axb3 41. Kh3 b2 42. Kg3 Ke4 43. Kh3
Rf3+ 44. Kh2 Ke3 45. Kh1 Rf2 46. d8=Q Nxd8 47. Kg1 Kf3 {
Schwarz besitzt den Ehrgeiz, ohne Bauernumwandlung mattzusetzen ...} 48. Kh1
Ne6 49. Kg1 Kg3 50. Kh1 Rf1# 0-1

[Event "FSV-ch 2010"]
[Site "Dortmund"]
[Date "2010.05.20"]
[Round "5.28"]
[White "Reker, Gerhard"]
[Black "Wilkins, Petra"]
[Result "1/2-1/2"]
[WhiteElo "758"]
[BlackElo "767"]
[PlyCount "107"]
[EventDate "2010.??.??"]

1. e4 d6 2. d4 Nf6 3. Bd3 Nbd7 4. Bg5 e5 5. Nf3 g6 6. d5 Bg7 7. c4 O-O 8. O-O
Nc5 9. b4 Nxd3 10. Qxd3 Qd7 11. Nc3 b6 12. Nb5 Bb7 13. a3 a6 14. Nc3 c6 15.
Bxf6 Bxf6 16. Qe3 Qd8 17. b5 c5 18. a4 a5 19. Rad1 Bc8 20. Rd3 Bg4 21. Nd2 Bg5
22. Qg3 f5 23. f3 Bh4 24. fxg4 Bxg3 25. Rxg3 f4 26. Rh3 Qd7 27. Rh4 Qe7 28. Nf3
g5 29. Rh5 Kh8 30. Nxg5 Rf7 31. Nxf7+ Qxf7 32. Nd1 Qg6 33. Nf2 Rf8 34. h3 Qf7
35. Rf5 Qg8 36. Rh5 f3 37. g3 Rf6 38. h4 Qg7 39. g5 Rg6 40. Ng4 Qf8 41. Nf6
Rxf6 42. gxf6 Qxf6 43. Rf2 Qg6 44. Rf5 Qg4 45. Rf8+ Kg7 46. R2xf3 Qxg3+ 47.
Rxg3+ Kxf8 48. h5 Kf7 49. h6 Kf6 50. Kg2 Kf7 51. Kh3 Kf6 52. Kh4 Kf7 53. Kh5
Kf6 54. Rg7 {Patt!} 1/2-1/2

[Event "FSV-ch 2010"]
[Site "Dortmund"]
[Date "2010.05.27"]
[Round "6.1"]
[White "Lindam, Ingo"]
[Black "Morawietz, Manuel"]
[Result "1-0"]
[WhiteElo "2039"]
[BlackElo "1916"]
[PlyCount "31"]
[EventDate "2010.??.??"]

1. d4 Nf6 2. Bg5 Ne4 3. h4 c5 4. dxc5 Na6 5. Nd2 Naxc5 6. Nxe4 Nxe4 7. Qd5 Nxg5
8. hxg5 Qb6 9. O-O-O Qxf2 10. Nf3 Qe3+ 11. Kb1 e6 12. Qc4 Qc5 13. Qd3 g6 14.
Rh4 Bg7 15. Rc4 Qb6 16. Rxc8+ 1-0

[Event "FSV-ch 2010"]
[Site "Dortmund"]
[Date "2010.05.27"]
[Round "6.2"]
[White "Raskin, Vitali"]
[Black "Begna, Bozidar"]
[Result "1-0"]
[WhiteElo "1767"]
[BlackElo "1945"]
[PlyCount "57"]
[EventDate "2010.??.??"]

1. d4 Nf6 2. c4 e6 3. Nc3 Bb4 4. Qc2 Nc6 5. Nf3 O-O 6. Bg5 h6 7. Bh4 g5 8. Bg3
g4 9. Nd2 Nxd4 10. Qd3 Nf5 11. e4 Nxg3 12. hxg3 Kg7 13. e5 Bxc3 14. Qxc3 Nh7
15. Be2 f5 16. exf6+ Qxf6 17. Qe3 d5 18. Bxg4 d4 19. Qe2 e5 20. Ne4 Qe7 21.
O-O-O Ng5 22. Bxc8 Raxc8 23. Rh5 Rh8 24. Qg4 Kg6 25. Rdh1 Rcd8 26. Nxg5 Qd7 27.
Ne6+ Kf7 28. Qf5+ (28. Rf5+ Ke7 (28... Kxe6 29. Qg6+ Ke7 30. Rf7+ Ke8 31. Rf6+)
29. Qg7+ Kd6 30. Qxe5+ Ke7 31. Nxd4+ Qe6 32. Qxe6#) 28... Ke7 29. Nxd8 1-0